XO The Host - TheWeeknd - Statistics

General Stats
  • This quiz has been taken 21 times
  • The average score is 252 of 500
Answer Stats
Hint Answer % Correct
Henny,
100%
of
100%
Shots
100%
the
100%
blame
83%
Blame
83%
booze
83%
do
83%
don't
83%
I
83%
it
83%
Just
83%
just
83%
K,
83%
me,
83%
me
83%
no
83%
on
83%
to
83%
wanna
83%
we
83%
We
83%
weed,
83%
when
83%
When
83%
why?
83%
(XO) don't
83%
you,
83%
you
83%
You
83%
your
83%
a
67%
and
67%
And
67%
bottles
67%
But
67%
C
67%
'cause
67%
'Cause
67%
face
67%
go
67%
last
67%
lost
67%
more,
67%
more
67%
nightlife,
67%
nights
67%
night's
67%
back
50%
be
50%
can
50%
Coke
50%
come
50%
Diet
50%
door,
50%
get
50%
hear
50%
in
50%
in,
50%
know
50%
like
50%
look
50%
money,
50%
money
50%
need
50%
need,
50%
Need
50%
(3x) Ooh
50%
out
50%
party
50%
pass,
50%
pass
50%
sing
50%
so
50%
that
50%
who
50%
With
50%
with
50%
(XO) oh,
50%
You're
50%
you're
50%
always
33%
are
33%
Are
33%
Baby,
33%
Bacardi
33%
been
33%
brand
33%
bread
33%
built
33%
bus
33%
call
33%
cam,
33%
cryin'
33%
daddy
33%
day,
33%
day
33%
days
33%
depressed
33%
did
33%
downtown
33%
Evictions
33%
eyes
33%
find
33%
for
33%
found
33%
From
33%
from
33%
Girl,
33%
goddess
33%
got
33%
hair's
33%
Hipster
33%
home
33%
home,
33%
If
33%
if
33%
is
33%
let
33%
lift
33%
light's
33%
love
33%
mess,
33%
mom
33%
much
33%
new
33%
nigga
33%
nose
33%
notes
33%
Now
33%
oh,
33%
oh
33%
Oh,
33%
Ooh,
33%
over
33%
passin'
33%
Patrón
33%
POV?
33%
quicker
33%
red
33%
red,
33%
rent
33%
(4x) ride
33%
she
33%
shop,
33%
special
33%
than
33%
these
33%
thing
33%
too
33%
up
33%
up,
33%
want
33%
Well,
33%
where
33%
window
33%
(XO) we'll
33%
again,
17%
ain't
17%
all
17%
almost
17%
alone,
17%
alone
17%
already
17%
another
17%
Another
17%
around
17%
at
17%
bag
17%
believe
17%
best
17%
blow
17%
Blunts
17%
boys
17%
Cabbed
17%
came
17%
catch
17%
clothes,
17%
cloud
17%
done
17%
ever
17%
everything
17%
feed,
17%
feel
17%
filled
17%
forget
17%
fuckin'
17%
gone
17%
goons
17%
gotta
17%
have
17%
high
17%
honest
17%
hundred
17%
laundry
17%
Lust
17%
make
17%
meet
17%
mind,
17%
mindset
17%
most
17%
my
17%
Open
17%
ready
17%
regret
17%
right
17%
room,
17%
Same
17%
seems
17%
She's
17%
shift
17%
side
17%
something
17%
'Specially
17%
stressin'
17%
stuffed
17%
test
17%
there's
17%
There's
17%
they
17%
think
17%
this
17%
took
17%
try
17%
video
17%
Waken
17%
wet
17%
whoa
17%
won't
17%
(XO) yeah
17%
ya'
17%
yeah
17%
yet?
17%
ago
0%
alot
0%
'bout
0%
Didn't
0%
far
0%
heart
0%
I'd
0%
long
0%
remember
0%
said
0%
wasn't
0%
worry
0%
(XO) whoo,
0%
No matching quizzes found
Score Distribution
Percent of People with Each Score
Percentile by Number Answered
Your Score History
You have not taken this quiz